| 000 | 00792nam a22002057a 4500 | ||
|---|---|---|---|
| 003 | BD-DhUL | ||
| 005 | 20200310152111.0 | ||
| 008 | 200310s2019 bg b|||| |||| 001 0 eng d | ||
| 020 | _a9847008501624 (hbk) | ||
| 040 |
_aBD-DhUL _cBD-DhUL |
||
| 082 |
_a891.444 _bKHP |
||
| 100 | 1 | _aখান, শাহাদৎ হোসেন | |
| 245 | 0 |
_aপ্রবন্ধ সমগ্র / _cশাহাদৎ হোসেন খান |
|
| 260 |
_aঢাকা : _bবাঙলায়ন, _c2019. |
||
| 300 |
_a২২৪ পৃ. : _b চিত্র, মানচিত্র ; _c২২ সেমি |
||
| 504 | _aগ্রন্থপঞ্জিগত তথ্য সংবলিত | ||
| 650 | 0 | _aবাংলা প্রবন্ধ | |
| 650 | 0 | _aBangali literature | |
| 942 |
_2ddc _cBK |
||
| 999 |
_c252020 _d252020 |
||